Zgadnij piosenkę Taco Hemingwaya po wersie - Statystyki

Ogólne statystyki
  • Ten quiz został rozwiązany 787 razy
  • Średni wynik to 9 z 15
Statystyki odpowiedzi
Wers Piosenka % Poprawnych
Życie to stek bzdur, z tym że ja poproszę krwisty Mięso
84%
Bo miał dobry plan żywienia... Szkoda tylko, że się psuł w weekendy Białkoholicy
72%
Może w sumie wyśpiewamy operę z nią na dwa głosy (wow) Tamagotchi
72%
Twoje biodra są jak winyl, więc jeszcze je kręć 515
68%
Remont plebanii, bo nie wszyscy są po równo równi Dwuzłotówki dancing
68%
To miasto spaliną oddycha, a my wychowamy w tym smogu potomków Człowiek z dziurą zamiast krtani
61%
Mówić: "ekhm, moja ulubiona czysta" Reżyseria kubrick
56%
Męczą mnie demony, robię zwrot od nich Cafe belga
55%
Bardzo ciężka praca, więc do dziś szanuję gastro Europa
54%
Five hundred euro fotoradar pod Düsseldorfem Luxembourg
54%
Lista pani zagrań to jest cały szereg zbrodni Świat jest wfem
54%
Leciutka woń cytryn nadaje mu kwaskowości Wytrawne z nutą desperacji
52%
Znów flakon w swych palcach tuli, mąż za to ma napad furii Żyrandol
49%
Noszę w sumie to co chcę, bo się nigdy nie jarałem Pradą Karimata (mute)
34%
Kiedyś ten bramkarz by mnie przecież strofował za kicksy Czarna kawa czeka
29%
Nie znaleziono quizów pasujących do podanych kryteriów
Rozkład punktacji
Procent ludzi z każdym wynikiem
Percentyl według liczby udzielonych odpowiedzi
Twoja historia wyników
Nie rozwiązałeś tego quizu